000 03381cam a22006614i 4500
003 PE-LiUPU
005 20250731180112.0
008 150623s1977 mx a rb 001 0 spa d
020 _a9681806239
035 _a(Sirsi) a24088
040 _aPE-LiUPU
_bspa
_cPE-LiUPU
_erda
082 0 4 _a536.731
_bS68
_221
100 1 _aSonntag, Richard E.,
_eautor.
245 1 0 _aIntroducción a la termodinámica :
_bclásica y estadística /
_cRichard E. Sonntag y Gordon J. Van Wylen ; vers. Francisco Paniagua B.
264 1 _aMéxico :
_bLimusa,
_c[1977].
300 _a789 páginas :
_bilustraciones ;
_c22 cm.
336 _atext
_2rdacontent
337 _aunmediated
_2rdamedia
338 _avolume
_2rdacarrier
500 _aSextra reimpresión 1991.
504 _aBibliografía: páginas 777.
504 _aÍndice: páginas 785-789.
505 0 _aConceptos y definiciones -- Propiedades de una sustancia pura -- Trabajo y calor -- Primera ley de la termodinámica -- Análisis por la primera ley para un volumen de control -- La segunda ley de la termodinámica -- Entropía -- Análisis por la primera ley para un volumen de control -- algunos ciclos de potencia y refrigeración -- Introducción a la termodinámica de las mezclas -- Relaciones termodinámicas -- Reacciones químicas -- Introducción al equilibrio de las fases y al químico -- Distribuciones moleculares y modelos -- Mecánica estadística -- Termodinámica estadística -- Mecánica cuántica -- propiedades de los gases -- Propiedades de los sólidos.
526 _aSEG44
526 _aSEG26
526 _aP159
526 _aP155
526 _aP154
526 _aP153
526 _aP150
526 _aP100
526 _aP31
526 _aP30
526 _aP26
526 _aP25
526 _aP24
526 _aP22
526 _aP15
526 _aP10
650 0 4 _aTermodinámica.
650 0 4 _aTermodinámica estadística.
700 1 _aVan Wylen, Gordon John,
_eautor.
700 1 _aPaniagua B., Francisco,
_etraductor.
910 _cigq
942 _2ddc
_cBOOK
949 _a536.731 S68
_wDEWEY
_c1
_i48347
_lCCODEBUL1
_mBUL
_p00.00
_r0
_sY
_tBOOK
_u2015-06-24
_xINGENIERIA
_zUNKNOWN
_0COMPRA
_o.STAFF. Colección General
949 _a536.731 S68
_wDEWEY
_c2
_i35278
_lCCODEBUL1
_mBUL
_p00.00
_r0
_sY
_tBOOK
_u2015-06-24
_xINGENIERIA
_zUNKNOWN
_0COMPRA
_o.STAFF. Colección General
949 _a536.731 S68
_wDEWEY
_c3
_i35279
_lCCODEBUL1
_mBUL
_p00.00
_r0
_sY
_tBOOK
_u2015-06-24
_xINGENIERIA
_zUNKNOWN
_0COMPRA
_o.STAFF. Colección General
596 _a1 2
999 _a536.731 S68
_wDEWEY
_c26574
_i48347
_f2021-11-5
_g5
_lCCODEBUL1
_mBUL
_r0
_sN
_tBOOK
_u2015-6-24
_xBIBLIOTECA
_zUNKNOWN
_0COMPRA
_o.STAFF. Colección General
_d26574
999 _a536.731 S68
_wDEWEY
_c2
_i35278
_d2017-10-5
_e2017-9-28
_f2021-11-5
_g7
_lCCODEBUL1
_mBUL
_n1
_r0
_sN
_tBOOK
_u2015-6-24
_xBIBLIOTECA
_zUNKNOWN
_0COMPRA
_o.STAFF. Colección General
999 _a536.731 S68
_wDEWEY
_c3
_i35279
_d2018-3-27
_e2015-10-20
_f2019-12-11
_g6
_lDISCARD
_mBUL
_n1
_q1
_r0
_sY
_tBOOK
_u2015-6-24
_xINGENIERIA
_zUNKNOWN
_0COMPRA
_o.STAFF. Colección General
999 _a530 S68
_wDEWEY
_c1
_iFT00210
_f2019-2-20
_g1
_lCCODEBUT1
_mBUT
_p55.00
_r0
_sY
_tBOOK
_u2016-2-23
_xINGENIERIA
_PP24
_0COMPRA
_o.STAFF. Colección General
980 _81
_gALBERTO SANCHEZ Responsable de Automatización